Crazy tales of bureaucracy and idiosyncrasy (Record no. 401249)

000 -LEADER
fixed length control field 00411cam a22001457a 4500
008 - FIXED-LENGTH DATA ELEMENTS--GENERAL INFORMATION
fixed length control field 180718b2002 xxu||||| |||| 00| 0 eng d
020 ## - INTERNATIONAL STANDARD BOOK NUMBER
International Standard Book Number 817658018X
082 ## - DEWEY DECIMAL CLASSIFICATION NUMBER
Classification number K18x54 D53
100 ## - MAIN ENTRY--PERSONAL NAME
Personal name Dey, Bata K.
245 ## - TITLE STATEMENT
Title Crazy tales of bureaucracy and idiosyncrasy
Statement of responsibility, etc. by Bata K. Dey
260 ## - PUBLICATION, DISTRIBUTION, ETC.
Place of publication, distribution, etc. New Delhi
Name of publisher, distributor, etc. Uppal
Date of publication, distribution, etc. 2002
300 ## - PHYSICAL DESCRIPTION
Extent 157p.
650 ## - SUBJECT ADDED ENTRY--TOPICAL TERM
Topical term or geographic name entry element Public administration - India
650 ## - SUBJECT ADDED ENTRY--TOPICAL TERM
Topical term or geographic name entry element Bureaucracy - India
Holdings
Withdrawn status Lost status Damaged status Not for loan Permanent Location Current Location Date acquired Full call number Barcode Date last seen Price effective from Koha item type
        Indian Institute of Public Administration Indian Institute of Public Administration 2003-05-23 K18x54 D53 78253 2018-07-21 2018-07-21 Book

Powered by Koha